[Event "Tourn. n8036"]
[Site "www.chess-mail.com"]
[Date "2015.07.20"]
[Round "1"]
[White "Samael"]
[Black "Falcoale"]
[WhiteElo "2090"]
[BlackElo "1830"]
[Result "1-0"]
[Round "1"]
1.e4 c5
2.d3 Nb8c6
3.Ng1f3 e6
4.Nb1c3 a6
5.Bc1d2 d5
6.exd5 exd5
7.a3 Ng8f6
8.Bf1e2 Bf8d6
9.h3 O-O
10.O-O Rf8e8
11.Rf1e1 Bc8e6
12.Qd1c1 Qd8d7
13.Bd2f4 d4
14.Nc3e4 Nf6xe4
15.dxe4 b6
16.Nf3g5 Bd6xf4
17.Qc1xf4 Nc6e7
18.Ng5xe6 fxe6
19.Ra1d1 Ne7g6
20.Qf4g3 e5
21.Be2h5 Re8e6
22.Bh5g4 Ra8f8
23.Bg4xe6 Qd7xe6
24.b3 a5
25.a4 Ng6f4
26.Qg3g4 Qe6e7
27.g3 Nf4g6
28.Rd1d2 Qe7f7
29.Qg4e2 Qf7f6
30.Re1c1 Qf6g5
31.Kh2 Ng6h8
32.Rc1f1 Nh8g6
33.Rd2d1 Ng6e7
34.Qe2d2 Qg5g6
35.Rd1e1 Ne7c6
36.f4 exf4
37.Rf1xf4 Rf8xf4
38.Qd2xf4 h6
39.Re1f1 Nc6b4
40.Qf4f8 Kh7
41.Qf8f5 Qg6xf5
42.Rf1xf5 Nb4xc2
43.e5 Nc2e3
44.Rf5f7 Kg8
45.Rf7d7 Kf8
46.e6 Ne3f5
47.Rd7f7 Ke8
48.Rf7xf5 Ke7
49.Rf5e5 d3
50.Re5d5 Kxe6
51.Rd5xd3 Ke7
52.Kg2 Ke6
53.Rd3d8 Ke7
54.Rd8b8 { resign }
1-0

[Event "Tourn. n8186"]
[Site "www.chess-mail.com"]
[Date "2015.07.20"]
[Round "1"]
[White "Falcoale"]
[Black "Bojan"]
[WhiteElo "1810"]
[BlackElo "1980"]
[Result "0-1"]
[Round "1"]
1.e4 e5
2.Ng1f3 d6
3.d4 exd4
4.Nf3xd4 Ng8f6
5.Nb1c3 h6
6.h3 Bc8d7
7.Bf1d3 Nb8c6
8.Nd4xc6 Bd7xc6
9.O-O Qd8d7
10.Qd1e2 O-O-O
11.Nc3b5 Kb8
12.a4 a6
13.Nb5d4 d5
14.Nd4xc6 Qd7xc6
15.c3 dxe4
16.Bd3c2 Bf8d6
17.a5 Rh8e8
18.Bc2a4 Qc6c5
19.Bc1e3 Qc5e5
20.g3 c6
21.Be3d4 Qe5e6
22.b4 Qe6xh3
23.Ba4xc6 Nf6g4
24.f4 Qh3xg3
25.Qe2g2 Qg3xg2
26.Kxg2 bxc6
27.Ra1b1 f5
28.Kg3 Re8e6
29.Rb1d1 Re6g6
30.Kh3 Bd6e7
31.Rd1b1 Ng4f6
32.Bd4e5 Kb7
33.c4 Rd8d3
34.Kh2 Nf6g4
35.Kg2 Ng4xe5
36.Kf2 Ne5xc4
{ resign }
0-1

[Event "Tourn. n8237"]
[Site "www.chess-mail.com"]
[Date "2015.07.20"]
[Round "1"]
[White "Passaroa25"]
[Black "Spitzer"]
[WhiteElo "1560"]
[BlackElo "1590"]
[Result "1-0"]
[Round "1"]
1.e4 e5
2.Ng1e2 Ng8f6
3.f3 d5
4.Ne2g3 Bc8e6
5.d3 Nb8c6
6.c3 Bf8c5
7.Nb1d2 O-O
8.Nd2b3 Bc5b6
9.Bf1e2 Qd8e7
10.Ng3f1 Ra8d8
11.Nf1e3 a5
12.O-O a4
13.Nb3d2 Bb6a7
14.Nd2b1 b5
15.Nb1a3 d4
{ time. }
1-0

[Event "Tourn. n8237"]
[Site "www.chess-mail.com"]
[Date "2015.07.20"]
[Round "1"]
[White "Spitzer"]
[Black "Redabond"]
[WhiteElo "1590"]
[BlackElo "1639"]
[Result "1-0"]
[Round "1"]
1.e4 e5
2.Ng1f3 Nb8c6
3.Bf1c4 h6
4.O-O Ng8f6
5.Rf1e1 Nf6g4
6.Qd1e2 Bf8c5
7.c3 Bc5xf2
8.Kf1 Bf2xe1
9.Kxe1 O-O
10.g3 d6
11.d4 exd4
12.cxd4 Rf8e8
13.Nb1c3 Bc8e6
14.d5 Be6xd5
15.Bc4xd5 Ng4f6
16.Qe2b5 Qd8d7
17.Kd1 a6
18.Bd5xc6 Qd7xc6
19.Qb5xc6 bxc6
20.Bc1d2 Ra8b8
21.b3 Nf6xe4
22.Nc3xe4 Re8xe4
23.Kc2 c5
24.Kd3 Rb8e8
25.Ra1e1 Re4xe1
26.Nf3xe1 f5
27.Ne1g2 Kf7
28.Ng2e3 g6
29.Ne3d5 Re8e5
30.Nd5xc7 Re5e4
31.Nc7xa6 { resign }
1-0

[Event "Tourn. n8014"]
[Site "www.chess-mail.com"]
[Date "2015.07.20"]
[Round "1"]
[White "Jaroslavpech"]
[Black "Numanoid"]
[WhiteElo "2330"]
[BlackElo "2630"]
[Result "1-0"]
[Round "1"]
1.e4 d6
2.d4 Ng8f6
3.Nb1c3 g6
4.Ng1f3 Bf8g7
5.Bf1e2 O-O
6.O-O c6
7.a4 Qd8c7
8.h3 e5
9.dxe5 dxe5
10.Be2c4 Nf6h5
11.Rf1e1 a5
12.Bc1e3 Nh5f4
13.Be3xf4 exf4
14.e5 Nb8d7
15.Qd1d4 Nd7b6
16.Qd4xf4 Bc8f5
17.Re1e2 Nb6xc4
18.Qf4xc4 Ra8d8
19.Ra1e1 Bf5e6
20.Qc4h4 h6
21.Nc3e4 Kh8
22.Ne4d6 Be6d5
23.c4 Bd5xf3
24.gxf3 Rd8xd6
25.exd6 Qc7xd6
26.Re2e8 Kg8
27.Kg2 Qd6f6
28.Qh4xf6 Bg7xf6
29.b3 Kg7
30.f4 Bf6d4
31.Re8e7 Rf8b8
32.Re7d7 Bd4c5
33.Re1e6 Bc5b4
34.f5 g5
35.Re6g6 { resign }
1-0

[Event "Tourn. n8240"]
[Site "www.chess-mail.com"]
[Date "2015.07.20"]
[Round "1"]
[White "Iko"]
[Black "Bira47"]
[WhiteElo "1480"]
[BlackElo "1739"]
[Result "0-1"]
[Round "1"]
1.e4 c5
2.Bf1c4 e6
3.Qd1e2 a6
4.Nb1c3 b5
5.e5 Bc8b7
6.f3 bxc4
7.Qe2xc4 Nb8c6
8.Qc4b3 Ra8b8
9.d3 Nc6d4
10.Qb3a4 Bb7c6
11.Qa4xa6 Nd4xc2
12.Kd2 Nc2xa1
13.b3 Rb8a8
14.Qa6c4 d5
15.Qc4f4 Bf8e7
16.Bc1b2 Be7g5
17.Qf4xg5 Qd8xg5
18.Ke2 Qg5xg2
19.Ke3 d4
20.Kf4 g5

0-1

[Event "Tourn. n8160"]
[Site "www.chess-mail.com"]
[Date "2015.07.20"]
[Round "1"]
[White "Aperturaf"]
[Black "Woodpusher2"]
[WhiteElo "2450"]
[BlackElo "2620"]
[Result "0-1"]
[Round "1"]
1.e4 c5
2.Ng1f3 d6
3.d4 cxd4
4.Qd1xd4 Ng8f6
5.Nb1c3 Bc8d7
6.Bf1c4 g6
7.Nf3g5 e6
8.Bc1f4 Nb8c6
9.Qd4d2 Nc6e5
10.Bc4e2 h6
11.Ng5f3 Qd8c7
12.O-O-O Ra8c8
13.h3 a6
14.Rh1e1 b5
15.Qd2d4 Ne5xf3
16.Qd4xf6 Rh8g8
17.Be2xf3 b4
18.Kb1 bxc3
19.Qf6xc3 Qc7xc3
20.bxc3 Rc8c6
21.Bf3e2 g5
22.Bf4e3 Ke7
23.Be3d4 e5
24.Bd4e3 Bd7e6
25.a4 Kf6
26.Re1h1 Kg7
27.Kb2 Bf8e7
28.Be3a7 Rg8a8
29.Ba7e3 Ra8c8
30.Be3d2 d5
31.exd5 Be6xd5
32.Bd2xg5 Rc8b8
33.Be2b5 hxg5
34.Rd1xd5 axb5
35.axb5 Rc6c5
36.Rd5xc5 Be7xc5
37.c4 Bc5xf2
38.Rh1f1 Bf2b6
39.Kc3 e4
40.Rf1f5 e3
{ resign }
0-1

[Event "Tourn. n8212"]
[Site "www.chess-mail.com"]
[Date "2015.07.20"]
[Round "1"]
[White "Vogue"]
[Black "Boyc"]
[WhiteElo "1399"]
[BlackElo "1499"]
[Result "1-0"]
[Round "1"]
1.c4 f5
2.g3 Ng8f6
3.Bf1g2 g6
4.Nb1c3 Bf8g7
5.d3 d6
6.e4 e5
7.exf5 gxf5
8.Qd1b3 Nb8a6
9.Bc1g5 c6
10.Ng1f3 Na6c5
11.Qb3c2 Nc5e6
12.Bg5d2 Bc8d7
13.O-O Qd8c7
14.Nc3e2 O-O-O
15.b4 f4
16.a4 Rd8f8
17.b5 Rh8g8
18.Rf1b1 Ne6c5
19.d4 Nc5e4
20.Bd2e1 fxg3
21.hxg3 Nf6g4
22.a5 Ne4xf2
23.b6 axb6
24.axb6 Qc7b8
25.Ra1a7 Bd7f5
26.Qc2a4 Bf5xb1
27.Be1xf2 Bb1f5
28.d5 { resign }
1-0

[Event "Tourn. n8140"]
[Site "www.chess-mail.com"]
[Date "2015.07.20"]
[Round "1"]
[White "Falcoale"]
[Black "Masterchess"]
[WhiteElo "2000"]
[BlackElo "1860"]
[Result "0-1"]
[Round "1"]
1.e4 c5
2.Ng1f3 Nb8c6
3.Nb1c3 d6
4.Bf1c4 e6
5.d4 cxd4
6.Nf3xd4 Ng8f6
7.O-O Bf8e7
8.Bc1e3 Bc8d7
9.a3 a6
10.b4 Nc6xd4
11.Be3xd4 Bd7c6
12.Rf1e1 O-O
13.f3 Qd8c7
14.Qd1e2 b5
15.Bc4b3 Rf8d8
16.Nc3d1 d5
17.exd5 Bc6xd5
18.Nd1e3 Bd5xb3
19.Bd4xf6 Be7xf6
20.Ra1d1 Bb3c4
21.Qe2f2 Rd8xd1
22.Re1xd1 Ra8d8
23.Rd1c1 Bf6d4
24.Rc1e1 Qc7b6
{ resign }
0-1

[Event "Tourn. n7997"]
[Site "www.chess-mail.com"]
[Date "2015.07.20"]
[Round "1"]
[White "Osopanda"]
[Black "Blackpool"]
[WhiteElo "2020"]
[BlackElo "1840"]
[Result "0-1"]
[Round "1"]
1.c4 e5
2.Nb1c3 Nb8c6
3.g3 g6
4.Bf1g2 Bf8g7
5.e4 Ng8e7
6.Ng1e2 d6
7.d3 O-O
8.O-O a6
9.Bc1e3 f5
10.f4 exf4
11.Ne2xf4 fxe4
12.Nc3xe4 Bg7xb2
13.Ra1b1 Bb2g7
14.d4 Ne7f5
15.Be3f2 Nf5xd4
16.h4 Ra8b8
17.Ne4g5 Bc8f5
18.Rb1c1 h6
19.Ng5f3 Nd4xf3
20.Bg2xf3 Nc6e5
21.Bf3d5 Kh7
22.Bf2d4 Ne5g4
23.Qd1f3 Bg7xd4
24.Kh1 c6
25.Bd5e6 Bf5xe6
26.Qf3e4 Ng4f2
27.Rf1xf2 Bd4xf2
28.Qe4xg6 Kh8
29.Nf4xe6 Qd8f6
30.Ne6xf8 Rb8xf8
31.Qg6xf6 Rf8xf6
32.Kg2 Bf2c5
33.Rc1c2 Kg7
34.g4 b5
35.cxb5 axb5
36.Kg3 Bc5d4
37.g5 hxg5
38.hxg5 Rf6e6
39.Rc2xc6 Bd4c5
40.Rc6c7 Kg6
41.Rc7b7 Kxg5
42.Rb7xb5 Re6e3
43.Kg2 Re3e2
44.Kf3 Re2xa2
45.Rb5b8 Ra2a3
46.Ke4 Ra3e3
47.Kd5 Re3d3
48.Ke4 Rd3d4
49.Kf3 d5
50.Rb8g8 Kf6
51.Rg8d8 Ke7
52.Rd8h8 Rd4d3
53.Ke2 Rd3e3
54.Kd2 d4
55.Rh8h7 Ke6
56.Rh7h5 Kd6
57.Rh5g5 Bc5b4
58.Kc2 d3
59.Kb3 d2
{ resign }
0-1

[Event "Tourn. n8206"]
[Site "www.chess-mail.com"]
[Date "2015.07.20"]
[Round "1"]
[White "Chessexpert"]
[Black "Tomcapp"]
[WhiteElo "1580"]
[BlackElo "1500"]
[Result "0-1"]
[Round "1"]
1.d4 d5
2.c4 dxc4
3.e4 e5
4.Ng1f3 Nb8c6
5.d5 Nc6d4
6.Nf3xd4 exd4
7.Qd1xd4 b5
8.a4 Bf8b4
9.Nb1c3 Bb4xc3
10.Qd4xc3 Ng8f6
11.axb5 Nf6xe4
12.Qc3xg7 Rh8f8
13.Bc1h6 Qd8e7
14.Qg7xf8 Qe7xf8
15.Bh6xf8 Kxf8
 { time }
0-1

[Event "Tourn. n8206"]
[Site "www.chess-mail.com"]
[Date "2015.07.20"]
[Round "1"]
[White "Tomcapp"]
[Black "Anja"]
[WhiteElo "1500"]
[BlackElo "1710"]
[Result "1-0"]
[Round "1"]
1.e4 Ng8f6
2.c4 Nf6xe4
3.Qd1e2 Ne4f6
4.d3 c5
5.Nb1c3 e6
6.Ng1f3 Bf8e7
7.Bc1g5 O-O
8.Nf3e5 Nb8c6
9.Ne5xc6 bxc6
10.a4 Rf8e8
11.Qe2e5 d6
12.Qe5g3 Nf6h5
13.Bg5xe7 Nh5xg3
14.Be7xd8 Ng3xh1
15.Bd8h4 Ra8b8
16.Ra1b1 Bc8d7
17.Kd2 g5
18.Bh4g3 Nh1xg3
19.fxg3 Rb8b3
20.a5 Re8b8
21.Ke3 Rb3xb2
22.Rb1xb2 Rb8xb2
23.g4  { time }
1-0

[Event "Tourn. n8211"]
[Site "www.chess-mail.com"]
[Date "2015.07.20"]
[Round "1"]
[White "Inez"]
[Black "Swampcat"]
[WhiteElo "1570"]
[BlackElo "1600"]
[Result "0-1"]
[Round "1"]
1.e4 e6
2.d4 d5
3.Nb1d2 c5
4.Ng1f3 Nb8c6
5.exd5 Qd8xd5
6.Bf1c4 Qd5h5
7.dxc5 Qh5xc5
 { time }
0-1

[Event "Tourn. n8123"]
[Site "www.chess-mail.com"]
[Date "2015.07.20"]
[Round "1"]
[White "Rons"]
[Black "Aperturaf"]
[WhiteElo "2560"]
[BlackElo "2430"]
[Result "1-0"]
[Round "1"]
1.e4 e6
2.d4 d5
3.Nb1c3 Ng8f6
4.Bc1g5 Bf8b4
5.e5 h6
6.Bg5d2 Bb4xc3
7.bxc3 Nf6e4
8.Qd1g4 g6
9.Bf1d3 Ne4xd2
10.Kxd2 c5
11.h4 Qd8a5
12.Ng1f3 Nb8c6
13.Qg4f4 cxd4
14.Nf3xd4 Nc6xd4
15.Qf4xd4 b6
16.Qd4b4 Qa5xb4
17.cxb4 Bc8b7
18.f3 Ke7
19.Ke3 Rh8c8
20.Ra1b1 Bb7c6
21.b5 Bc6b7
22.Rb1b4 a5
23.Rb4a4 Rc8c3
24.Kd4 Rc3c5
25.Rh1b1 h5
26.Ra4a3 Ra8d8
27.g3 Rd8c8
28.Rb1g1 Rc5c7
29.c3 Rc8g8
30.Ra3b3 g5
31.Rb3b1 f6
32.exf6 Kxf6
33.f4 g4
34.Rg1e1 Bb7c8
35.Re1e5 Rg8h8
36.Rb1f1 a4
37.Re5g5 Bc8d7
38.Rg5g6 Kf7
39.f5 e5
40.Kxe5 Rc7xc3
41.Rf1d1 Rh8b8
42.Rg6h6 Kg8
43.Rh6xh5 Rc3c5
44.Rh5h6 Bd7e8
45.Kd4 Rc5c7
46.f6 a3
47.Rd1f1 { resign }
1-0

[Event "Tourn. n8232"]
[Site "www.chess-mail.com"]
[Date "2015.07.20"]
[Round "1"]
[White "Difficult"]
[Black "Faerieking"]
[WhiteElo "2050"]
[BlackElo "2180"]
[Result "0-1"]
[Round "1"]
1.c4 e5
2.Nb1c3 Ng8f6
3.g3 c6
4.d4 exd4
5.Qd1xd4 d5
6.cxd5 cxd5
7.e4 Nb8c6
8.Bf1b5 Bc8d7
 { time }
0-1

[Event "Tourn. n8203"]
[Site "www.chess-mail.com"]
[Date "2015.07.20"]
[Round "1"]
[White "Colchester"]
[Black "Libiesse"]
[WhiteElo "2030"]
[BlackElo "2010"]
[Result "0-1"]
[Round "1"]
1.e4 c5
2.Ng1f3 e6
3.d4 cxd4
4.Nf3xd4 Ng8f6
5.Bf1d3 Nb8c6
6.Nd4xc6 dxc6
7.O-O Qd8c7
8.Qd1e2 Bf8c5
9.Nb1c3 O-O
10.Bc1e3 Bc5xe3
11.Qe2xe3 Nf6g4
12.Qe3g3 Qc7xg3
13.hxg3 Ng4f6
14.e5 Nf6d5
15.Nc3xd5 cxd5
16.c3 { time. }
0-1

[Event "Tourn. n8206"]
[Site "www.chess-mail.com"]
[Date "2015.07.20"]
[Round "1"]
[White "Tomcapp"]
[Black "Oliverio"]
[WhiteElo "1500"]
[BlackElo "1720"]
[Result "0-1"]
[Round "1"]
1.e4 e5
2.Ng1f3 Nb8c6
3.Bf1b5 a6
4.Bb5xc6 dxc6
5.c4 Bc8g4
6.Nb1c3 Ng8f6
7.b3 Bf8b4
8.h3 Bg4h5
9.Nc3e2 Nf6xe4
10.g4 Bh5g6
11.Nf3xe5 Qd8f6
12.Ne5xg6 Qf6xf2

0-1

[Event "Tourn. n8243"]
[Site "www.chess-mail.com"]
[Date "2015.07.20"]
[Round "1"]
[White "Falcoale"]
[Black "Anja"]
[WhiteElo "1850"]
[BlackElo "1840"]
[Result "1-0"]
[Round "1"]
1.e4 Ng8f6
2.e5 Nf6d5
3.d4 d6
4.c4 Nd5b6
5.Ng1f3 Bc8g4
6.h3 Bg4xf3
7.Qd1xf3 Nb8c6
8.exd6 cxd6
9.Bc1e3  { time }
1-0

[Event "Tourn. n8253"]
[Site "www.chess-mail.com"]
[Date "2015.07.20"]
[Round "1"]
[White "Farnation"]
[Black "Gatrooper"]
[WhiteElo "1050"]
[BlackElo "1200"]
[Result "0-1"]
[Round "1"]
1.e4 e5
2.Ng1f3 Nb8c6
3.Bf1c4 d6
4.h4 Bc8e6
5.b3 Ng8f6
6.Nf3g5 Be6xc4
7.bxc4 Nc6d4
8.c3 Nd4c6
9.Rh1f1 h6
10.Ng5f3 Nf6xe4
11.Qd1e2 a6
12.Bc1a3 { time. }
0-1

[Event "Tourn. n8196"]
[Site "www.chess-mail.com"]
[Date "2015.07.20"]
[Round "1"]
[White "Andychesston"]
[Black "Gambitchess"]
[WhiteElo "1900"]
[BlackElo "1840"]
[Result "1-0"]
[Round "1"]
1.e4 c6
2.d4 d5
3.Nb1c3 g6
4.Ng1f3 Bf8g7
5.Bf1e2 dxe4
6.Nc3xe4 Bc8f5
7.Qd1d3 Bf5xe4
8.Qd3xe4 Ng8f6
9.Qe4e3 O-O
10.Bc1d2 Nb8d7
11.O-O e6
{ time. }
1-0

[Event "Tourn. n8266"]
[Site "www.chess-mail.com"]
[Date "2015.07.20"]
[Round "1"]
[White "Cheminet"]
[Black "Gatrooper"]
[WhiteElo "1420"]
[BlackElo "1200"]
[Result "1-0"]
[Round "1"]
1.e4 e5
2.Bf1c4 d6
3.f4 Bc8e6
4.Bc4xe6 fxe6
5.d4 exd4
6.Qd1h5 g6
7.Qh5b5 c6
8.Qb5xb7 Nb8d7
9.Qb7xc6 Ra8c8
10.Qc6a4 Ng8f6
11.c3 d3
12.Ng1f3 Bf8e7
13.Nf3g5 Qd8b6
14.h3 d5
15.Ng5xe6 Qb6xe6
16.e5 Nf6e4
17.O-O Be7c5
18.Kh2 Ne4f2
19.Nb1d2 Qe6f5
20.Nd2f3 h5
21.e6 O-O
22.Nf3d4 Bc5xd4
23.exd7 Rc8d8
24.Qa4xd4 Rd8xd7
25.Rf1xf2 h4
26.Bc1e3 Rd7h7
27.Ra1d1 a5
28.Qd4xd3 Qf5f6
29.Qd3xd5 Rh7f7
30.Be3d4 Qf6e7
31.Bd4c5 Qe7d8
32.Qd5xd8 Rf8xd8
33.Rd1xd8 Kg7
34.Bc5d4 Kh6
35.Rd8h8 Rf7h7
36.Rh8xh7 Kxh7
37.f5 gxf5
38.Rf2xf5 Kg6
39.Rf5f6 Kg5
40.g4 a4
41.Rf6f5 Kg6
42.c4 a3
43.bxa3 Kh7
44.c5 Kg8
45.c6 Kh7
46.c7 { resign }
1-0

[Event "Tourn. n8193"]
[Site "www.chess-mail.com"]
[Date "2015.07.20"]
[Round "1"]
[White "Jaroslavpech"]
[Black "Vasylpuzanov"]
[WhiteElo "2390"]
[BlackElo "2210"]
[Result "0-1"]
[Round "1"]
1.d4 d5
2.Ng1f3 Ng8f6
3.Bc1f4 Bc8f5
4.e3 e6
5.Bf1d3 Bf8b4
6.Nb1d2 Nb8d7
7.Bd3xf5 exf5
8.O-O O-O
9.c4 Nf6e4
10.Ra1c1 Bb4xd2
11.Nf3xd2 Nd7f6
12.Bf4e5 Qd8e7
13.h3 Ne4xd2
14.Qd1xd2 { time. }
0-1

[Event "Tourn. n8108"]
[Site "www.chess-mail.com"]
[Date "2015.07.20"]
[Round "1"]
[White "Jaroslavpech"]
[Black "Ostapbender"]
[WhiteElo "2340"]
[BlackElo "2660"]
[Result "0-1"]
[Round "1"]
1.e4 e6
2.d4 d5
3.Nb1d2 c5
4.exd5 exd5
5.Ng1f3 Nb8c6
6.Bf1b5 Qd8e7
7.Bb5e2 Qe7c7
8.O-O Ng8f6
9.Rf1e1 cxd4
10.Nd2b3 Bf8b4
11.Bc1d2 Bb4xd2
12.Qd1xd2 O-O
13.Be2d3 Bc8d7
14.Nf3xd4 Nf6g4
15.Nd4f3 Rf8e8
16.c3 Ng4f6
17.h3 Nf6e4
18.Qd2c2 Qc7f4
19.Re1e3 f5
20.Ra1e1 Ra8d8
21.a3 Kh8
22.c4 dxc4
23.Bd3xc4 Rd8c8
24.Qc2e2 b6
25.Bc4b5 Rc8d8
26.Re1d1 Nc6e5
27.Bb5xd7 Rd8xd7
28.Rd1xd7 Ne5xd7
29.Nf3d4 Nd7f6
30.Re3f3 Qf4b8
31.Nd4xf5 Ne4g3
32.Qe2d2 Ng3xf5
33.Rf3xf5 Re8d8
34.Qd2e1 { time. }
0-1

[Event "Tourn. n8235"]
[Site "www.chess-mail.com"]
[Date "2015.07.20"]
[Round "1"]
[White "Winterlude"]
[Black "Haukia"]
[WhiteElo "2520"]
[BlackElo "2240"]
[Result "1-0"]
[Round "1"]
1.e4 e5
2.f4 exf4
3.Bf1c4 Ng8f6
4.Nb1c3 c6
5.Bc4b3 d5
6.exd5 cxd5
7.d4 Bf8d6
8.Ng1e2 O-O
9.O-O g5
10.h4 h6
11.Qd1d3 Bd6c7
12.hxg5 hxg5
13.Ne2xf4 gxf4
14.Bc1xf4 Bc7xf4
15.Rf1xf4 Nf6h5
16.Ra1f1 Nh5xf4
17.Rf1xf4 Qd8g5
18.Nc3xd5 Kg7
19.Qd3e3 f6
20.Nd5xf6 { resign }
1-0

[Event "Tourn. n8272"]
[Site "www.chess-mail.com"]
[Date "2015.07.20"]
[Round "1"]
[White "Jpmartinez"]
[Black "Yangqi"]
[WhiteElo "2590"]
[BlackElo "2350"]
[Result "0-1"]
[Round "1"]
1.e4 c6
2.c4 d5
3.exd5 cxd5
4.cxd5 Ng8f6
5.Nb1c3 Nf6xd5
6.Ng1f3 Nb8c6
7.Bf1b5 e6
8.O-O Bf8e7
9.d4 O-O
10.Rf1e1 Bc8d7
11.Bb5d3 Nd5f6
12.a3 Ra8c8
13.Bc1g5 Qd8a5
14.b4 Qa5d8
15.b5 { time. }
0-1

[Event "Tourn. n8270"]
[Site "www.chess-mail.com"]
[Date "2015.07.20"]
[Round "1"]
[White "Gene4267"]
[Black "Guidom"]
[WhiteElo "2070"]
[BlackElo "2070"]
[Result "1-0"]
[Round "1"]
1.e4 e5
2.Ng1f3 Nb8c6
3.Bf1c4 d6
4.d4 exd4
5.Nf3xd4 Nc6e5
6.Bc4e2 Ng8f6
7.Nb1c3 Bf8e7
8.O-O O-O
9.f4 Ne5g6
10.Bc1e3 d5
11.e5 Nf6e4
12.Nc3xe4 dxe4
13.c3 f5
14.Qd1b3 Kh8
15.Ra1d1 Qd8e8
16.g3 Be7c5
17.Nd4xf5 Bc5xe3
18.Nf5xe3 Bc8h3
19.Rf1e1 Ng6xf4
20.gxf4 Rf8xf4
21.Be2f1 Bh3e6
22.Qb3xb7 Ra8b8
23.Qb7xc7 Qe8g6
24.Kh1 Rb8xb2
25.Rd1d8 Be6g8
26.Rd8xg8 Kxg8
27.Qc7d8 Rf4f8
28.Bf1c4 { resign }
1-0

[Event "Tourn. n8226"]
[Site "www.chess-mail.com"]
[Date "2015.07.20"]
[Round "1"]
[White "Cathar"]
[Black "Calulalb"]
[WhiteElo "2270"]
[BlackElo "2770"]
[Result "0-1"]
[Round "1"]
1.Ng1f3 Ng8f6
2.g3 d5
3.Bf1g2 c6
4.d3 Bc8g4
5.Nb1d2 e6
6.h3 Bg4xf3
7.Bg2xf3 Bf8d6
8.Bf3g2 O-O
9.e4 Rf8e8
10.O-O Nb8d7
11.Qd1e2 a5
12.a4 Qd8c7
13.f4 e5
14.f5 h6
15.g4 Bd6e7
16.h4 Nf6h7
17.Nd2f3 Qc7d8
18.Qe2e1 Be7b4
19.Qe1g3 dxe4
20.dxe4 Nd7c5
21.Nf3h2 Qd8d4
22.Bc1e3 Nc5xe4
{ resign }
0-1

[Event "Tourn. n8167"]
[Site "www.chess-mail.com"]
[Date "2015.07.20"]
[Round "1"]
[White "Llcervello"]
[Black "Blackpool"]
[WhiteElo "1670"]
[BlackElo "1890"]
[Result "1-0"]
[Round "1"]
1.e4 e5
2.d3 Nb8c6
3.c3 d5
4.f3 dxe4
5.dxe4 Qd8xd1
6.Kxd1 Bc8e6
7.b4 O-O-O
8.Bc1d2 a6
9.b5 axb5
10.Bf1xb5 Nc6a7
11.c4 Na7xb5
12.cxb5 Bf8b4
13.Ke1 Bb4xd2
14.Nb1xd2 Ng8e7
15.a4 Kb8
16.Ng1e2 f6
17.Ne2c3 Ne7g6
18.g3 Rd8d3
19.Ra1c1 Rh8d8
20.Rc1c2 Rd3d4
21.Kf2 Rd4xd2
22.Rc2xd2 Rd8xd2
23.Ke3 Rd2d7
24.h4  { time }
1-0

[Event "Tourn. n7997"]
[Site "www.chess-mail.com"]
[Date "2015.07.20"]
[Round "1"]
[White "Samael"]
[Black "Osopanda"]
[WhiteElo "2090"]
[BlackElo "2020"]
[Result "0-1"]
[Round "1"]
1.e4 c5
2.c4 d6
3.Nb1c3 Nb8c6
4.Ng1f3 e6
5.d4 cxd4
6.Nf3xd4 Ng8f6
7.Bf1e2 Bf8e7
8.O-O O-O
9.b3 a6
10.Nd4xc6 bxc6
11.Bc1e3 e5
12.h3 Bc8e6
13.f3 d5
14.cxd5 cxd5
15.exd5 Nf6xd5
16.Nc3xd5 Qd8xd5
17.Qd1xd5 Be6xd5
18.Rf1d1 Bd5e6
19.Ra1c1 a5
20.Be3c5 Be7xc5
21.Rc1xc5 a4
22.Be2c4 axb3
23.axb3 Be6xc4
24.bxc4 Ra8a2
25.Rc5d5 Ra2c2
26.c5 f6
27.Rd1d2 Rc2xd2
28.Rd5xd2 Rf8c8
29.Rd2c2 Rc8c6
30.Kf2 Kf7
31.Ke3 Ke6
32.g4 Kd5
33.f4 exf4
34.Kxf4 Rc6xc5
35.Rc2d2 Ke6
36.Rd2e2 Kf7
37.Re2e3 h5
38.gxh5 Rc5xh5
39.Kg4 Rh5g5
40.Kf4 Rg5g1
41.Kf3 Kg6
42.Kf4 Rg1a1
43.Re3g3 Kf7
44.Rg3e3 g5
45.Kg4 Kg6
46.Re3d3 f5
47.Kg3 f4
48.Kf3 Ra1g1
49.Kf2 Rg1c1
50.Kf3 Kh5
51.Kf2 Kh4
52.Kg2 Rc1c2
53.Kg1 g4
54.hxg4 Kxg4
55.Kf1 f3
56.Rd3d1 Kg3
57.Kg1 Rc2h2
58.Rd1d3 Rh2e2
59.Kf1 Re2h2
60.Kg1 Rh2h7
61.Rd3d2 Rh7e7
62.Kf1 Re7e4
63.Rd2f2 Re4a4
{ resign }
0-1

[Event "Tourn. n8205"]
[Site "www.chess-mail.com"]
[Date "2015.07.20"]
[Round "1"]
[White "Squimichele"]
[Black "Cathar"]
[WhiteElo "2460"]
[BlackElo "2340"]
[Result "1-0"]
[Round "1"]
1.d4 Ng8f6
2.Ng1f3 e6
3.Bc1g5 h6
4.Bg5xf6 Qd8xf6
5.e4 d6
6.Nb1d2 Nb8d7
7.c3 g6
8.Bf1d3 Bf8g7
9.O-O O-O
10.Rf1e1 e5
11.Nd2c4 Qf6e7
12.Qd1b3 Rf8e8
13.a4 c6
14.h4 h5
15.Ra1d1 b6
16.Bd3e2 Bc8a6
17.Qb3a3 Ba6xc4
18.Be2xc4 Bg7h6
19.dxe5 Nd7xe5
20.Nf3xe5 dxe5
21.Qa3xe7 Re8xe7
22.Rd1d6 Kg7
23.Rd6xc6 Ra8d8
24.Bc4d5 Kf8
25.Re1a1 Re7d7
26.a5 bxa5
27.Ra1xa5 { resign }
1-0

[Event "Tourn. n8189"]
[Site "www.chess-mail.com"]
[Date "2015.07.20"]
[Round "1"]
[White "Colchester"]
[Black "Generalfree"]
[WhiteElo "1970"]
[BlackElo "1940"]
[Result "0-1"]
[Round "1"]
1.Ng1f3 d5
2.b3 Nb8c6
3.Bc1b2 f6
4.d4 Bc8g4
5.e3 e6
6.Bf1e2 Bf8d6
7.O-O h5
8.h3 Bg4xf3
9.Be2xf3 g6
10.e4 Ng8e7
11.exd5 exd5
12.Rf1e1 O-O
13.a3 Qd8d7
14.Nb1d2 b6
15.c4 dxc4
16.Nd2xc4 Ne7f5
17.Bf3d5 Kg7
18.Bd5e6 Qd7d8
19.Nc4xd6 Nf5xd4
20.Bb2xd4 { time. }
0-1

[Event "Tourn. n8183"]
[Site "www.chess-mail.com"]
[Date "2015.07.20"]
[Round "1"]
[White "Abuelo"]
[Black "Ulysse21"]
[WhiteElo "2090"]
[BlackElo "2069"]
[Result "0-1"]
[Round "1"]
1.e4 c5
2.Bf1c4 e6
3.Nb1c3 a6
4.a4 Nb8c6
5.Ng1f3 Ng8f6
6.d3 d5
7.exd5 exd5
8.Qd1e2 Bf8e7
9.Bc4b3 O-O
10.O-O Bc8g4
11.h3 Bg4xf3
12.Qe2xf3 Nc6d4
13.Qf3e3 Nd4xb3
14.cxb3 d4
15.Qe3g3 dxc3
16.bxc3 Qd8d7
17.Bc1g5 Nf6h5
18.Qg3e3 Be7xg5
19.Qe3xg5 Nh5f6
20.Ra1d1 Rf8e8
21.Qg5xc5 Ra8c8
22.Qc5a5 Re8e2
23.c4 Qd7d4
24.Qa5f5 Rc8e8
25.Qf5f3 b6
26.Rd1b1 h6
27.b4 Re2a2
28.a5 bxa5
29.bxa5 Ra2xa5
30.Rb1b6 Ra5a2
31.Rf1b1 Re8e2
32.Rb6b8 Kh7
33.Rb1f1 Re2d2
34.Rb8b3 a5
35.Rb3b7 Qd4xd3
36.Qf3f4 Qd3xf1
37.Kxf1 Rd2d1

0-1

[Event "Tourn. n8227"]
[Site "www.chess-mail.com"]
[Date "2015.07.20"]
[Round "1"]
[White "Gambitchess"]
[Black "Geretree"]
[WhiteElo "1850"]
[BlackElo "1780"]
[Result "0-1"]
[Round "1"]
1.d4 d5
2.c4 dxc4
3.Ng1f3 Ng8f6
4.e3 Bc8g4
5.Bf1xc4 e6
6.h3 Bg4h5
7.O-O Nb8c6
8.Nb1c3 a6
9.b3 Bf8b4
10.Bc1b2 Bb4xc3
11.Bb2xc3 Nf6e4
12.Bc3b2 Bh5xf3
13.Qd1xf3 { time. }
0-1

[Event "Tourn. n8192"]
[Site "www.chess-mail.com"]
[Date "2015.07.20"]
[Round "1"]
[White "Biagio"]
[Black "Genius7"]
[WhiteElo "1990"]
[BlackElo "1800"]
[Result "1-0"]
[Round "1"]
1.e4 e6
2.d4 d5
3.e5 c5
4.c3 Qd8b6
5.Ng1f3 Bc8d7
6.Bf1e2 Bd7b5
7.O-O Nb8d7
8.Be2xb5 Qb6xb5
9.Nb1a3 Qb5b6
10.Na3c2 Ng8e7
11.b4 cxb4
12.cxb4 Ne7g6
13.a3 Bf8e7
14.Bc1d2 Ra8c8
15.Ra1c1 { time. }
1-0

[Event "Tourn. n8127"]
[Site "www.chess-mail.com"]
[Date "2015.07.20"]
[Round "1"]
[White "Asoka"]
[Black "Seger"]
[WhiteElo "2620"]
[BlackElo "2690"]
[Result "1/2-1/2"]
[Round "1"]
1.e4 e6
2.d4 g6
3.Ng1f3 Bf8g7
4.Bf1d3 d5
5.Nb1c3 Nb8c6
6.e5 f6
7.Bd3b5 Ng8e7
8.exf6 Bg7xf6
9.h4 a6
10.Bb5xc6 Ne7xc6
11.Bc1g5 Qd8e7
12.Qd1d2 Bc8d7
13.Qd2f4 Bf6xg5
14.hxg5 O-O-O
15.Qf4e3 Rd8f8
16.O-O-O Rf8f7
17.Nf3h2 Rf7f5
18.f4 Qe7f8
19.Nc3e2 Nc6a5
20.Nh2f3 Na5c4
21.Qe3c3 Nc4d6
22.g3 Kb8
23.Nf3e5 Bd7b5
24.Rd1e1 Qf8g7
25.Qc3e3 Bb5xe2
26.Qe3xe2 Nd6e4
27.Qe2h2 Rf5f8
28.Qh2g1 Rf8c8
29.Rh1h6 Ne4d6
30.c3 Nd6f5
31.Rh6h2 h5
32.b3 Nf5d6
33.Kb2 Ka7
34.Qg1g2 c5
35.dxc5 Rc8xc5
36.Qg2f2 b6
37.Qf2d4 Nd6f5
38.Qd4d3 Rh8c8
39.Rh2c2 Qg7g8
40.Re1c1 Rc8d8
41.b4 Rc5c8
42.b5 Qg8e8
43.Ne5c6 Rc8xc6
44.bxc6 Qe8xc6
45.c4 d4
46.Ka1 Rd8c8
47.Rc2e2 Qc6d6
48.Re2e5 Rc8c6
49.a3 { draw }
1/2-1/2

[Event "Tourn. n8210"]
[Site "www.chess-mail.com"]
[Date "2015.07.20"]
[Round "1"]
[White "Cristiano"]
[Black "Faerieking"]
[WhiteElo "2150"]
[BlackElo "2160"]
[Result "1/2-1/2"]
[Round "1"]
1.e4 e5
2.f4 d5
3.exd5 c6
4.Nb1c3 exf4
5.Ng1f3 Bf8e7
6.Bf1c4 Be7h4
7.Kf1 Bh4e7
8.d4 Ng8f6
9.Bc1xf4 O-O
10.a3 cxd5
11.Bc4b3 Nb8c6
12.h3 Bc8e6
13.g4 Ra8c8
14.Qd1d3 Nf6e4
15.Ra1e1 Ne4xc3
16.Qd3xc3 Nc6e5
17.Qc3e3 Ne5c4
18.Bb3xc4 Rc8xc4
19.c3 Rf8e8
20.g5 Be7d6
21.Bf4e5 Bd6xe5
22.dxe5 a5
23.Nf3d4 Qd8b6
{ draw }
1/2-1/2